| 000 | 00571nam a2200193 a 4500 | ||
|---|---|---|---|
| 001 | 37 | ||
| 003 | CDMR | ||
| 005 | 20131108164826.0 | ||
| 008 | 130130s1963||||||||||||||||||||||||||||d | ||
| 040 |
_aCDMR _bcat _cCDMR |
||
| 100 | 1 |
_aArco, Manuel del _941 |
|
| 245 | 1 | 0 |
_a101 una intervius, por las buenas _cManuel del Arco |
| 260 |
_c1963 _bEditorial Cientifico-Médica |
||
| 300 |
_a347 p ; _c21 cm |
||
| 490 | 0 |
_aBiblioteca de Actividades humanas. Sección: Literatura e información _v1 |
|
| 650 | 0 | 4 |
_aPeriodistes _zBarcelona _944 |
| 650 | 0 | 4 |
_aIntervius _94266 |
| 942 |
_cMON _2ddc |
||
| 999 |
_c37 _d37 |
||